000
00267nam a22000977a 4500
999
_c
521783
_d
521783
082
_a
TNC So57
100
_a
Sodhi, Manohar L.
_9
35997
245
_a
Foreign Policy And Legislatures
_b
An Anaysis Of Seven Parliaments
260
_a
New Delhi
_b
Abhinav
_c
1988
300
_a
235p.